000 00448nam a2200145Ia 4500
008 090124s9999 xx 000 0 und d
082 _b400116
245 _a शील हे कवच जीवनाचे
250 _a1
260 _bढेरे अरुणा रा.
_c1974
300 _a68
630 _a शील हे कवच जीवनाचे
730 _a शील हे कवच जीवनाचे
942 _cBOOK
999 _c196037
_d196037